Central Library OPAC University of Rajshahi

Snow Mountain passage : (Record no. 77426)

MARC details
000 -LEADER
fixed length control field 00899cam a2200301 a 4500
001 - CONTROL NUMBER
control field 77426
003 - CONTROL NUMBER IDENTIFIER
rucl marc code BD-RjUL
005 - DATE AND TIME OF LATEST TRANSACTION
control field 20211209082953.0
008 - FIXED-LENGTH DATA ELEMENTS--GENERAL INFORMATION
fixed length control field 200908s2001 nyu 000 1 eng d
020 ## - INTERNATIONAL STANDARD BOOK NUMBER
International Standard Book Number 0156011433
035 ## - SYSTEM CONTROL NUMBER
System control number (BD-RjUL)77651
040 ## - CATALOGING SOURCE
Original cataloging agency DLC
Transcribing agency DLC
Modifying agency DLC
-- BD-RjUL
Language of cataloging eng
041 ## - LANGUAGE CODE
Language code of text/sound track or separate title eng
043 ## - GEOGRAPHIC AREA CODE
Geographic area code n-us-ca
082 00 - DEWEY DECIMAL CLASSIFICATION NUMBER
Classification number 813.54
Edition number 21
Author mark and year HOS 2001
100 1# - MAIN ENTRY--PERSONAL NAME
Personal name Houston, James D.
9 (RLIN) 241340
245 10 - TITLE STATEMENT
Title Snow Mountain passage :
Remainder of title a novel /
Statement of responsibility, etc. by James D. Houston.
250 ## - EDITION STATEMENT
Edition statement 1st ed.
260 ## - PUBLICATION, DISTRIBUTION, ETC. (IMPRINT)
Place of publication, distribution, etc. New York :
Name of publisher, distributor, etc. Knopf,
Date of publication, distribution, etc. 2001.
300 ## - PHYSICAL DESCRIPTION
Pagination xi, 317 p. ;
Size 25 cm.
650 #0 - SUBJECT ADDED ENTRY--TOPICAL TERM
Topical term or geographic name as entry element Donner Party
Form subdivision Fiction.
9 (RLIN) 241341
Topical term or geographic name as entry element Overland journeys to the Pacific
Form subdivision Fiction.
9 (RLIN) 241342
Topical term or geographic name as entry element Wilderness survival
Form subdivision Fiction.
9 (RLIN) 241343
651 #0 - SUBJECT ADDED ENTRY--GEOGRAPHIC NAME
Geographic name California
General subdivision History
Chronological subdivision 1846-1850
Form subdivision Fiction.
9 (RLIN) 241344
942 ## - ADDED ENTRY ELEMENTS (KOHA)
Source of classification or shelving scheme Dewey Decimal Classification
Koha item type Books
Holdings
Lost status Source of classification or shelving scheme Damaged status Not for loan Permanent Location Current Location Shelving location Date acquired Source of acquisition Cost, normal purchase price Total Checkouts Full call number Date last seen Copy number Koha item type
  Dewey Decimal Classification   Not For Loan Central Library, University of Rajshahi Central Library, University of Rajshahi Reading Room 20/02/2020 American Center Library, Dhaka 14.00   813.54 HOS 2001 08/09/2020 C-1 Books